| 000 | 00561nam a2200205Ia 4500 | ||
|---|---|---|---|
| 005 | 20260429112136.0 | ||
| 008 | 260429s9999||||xx |||||||||||||| ||und|| | ||
| 020 | _a9780367371364 | ||
| 041 | _aEnglish | ||
| 082 |
_a668.4 _bRYD |
||
| 100 | _aRydz, Joanna | ||
| 245 | 0 |
_aBiodegradable polymers : _bvalue chain in the circular economy / _cJoanna Rydz |
|
| 250 | _a1st ed. | ||
| 260 |
_aBoca Raton : _bCRC Press, _c2024. |
||
| 300 | _axiii, 223 p.; pbk | ||
| 650 | _a Economy | ||
| 650 | _a Value chain | ||
| 650 | _aBiodegradable polymers | ||
| 942 | _cTB | ||
| 999 |
_c52568 _d52568 |
||